ბათუმის შოთა რუსთაველის სახელმწიფო უნივერსიტეტის ბიბლიოთეკა

სახელურ ფუძეთა ფონემატური სტრუქტურისა და ისტორიის საკითხები ქართულში (ბიბ.ჩანაწერი № 52432)

000 -LEADER
fixed length control field 01000nam a2200241Ia 4500
001 - CONTROL NUMBER
control field 19454
003 - CONTROL NUMBER IDENTIFIER
control field GE_BSU
008 - FIXED-LENGTH DATA ELEMENTS--GENERAL INFORMATION
fixed length control field 181216s||||||||xx |||||||||||||| ||und||
040 ## - CATALOGING SOURCE
Transcribing agency GE_BSU
080 ## - UNIVERSAL DECIMAL CLASSIFICATION NUMBER
Universal Decimal Classification number 811.353.1'342
100 ## - MAIN ENTRY--PERSONAL NAME
Personal name ერთელიშვილი, ფ.
245 ## - TITLE STATEMENT
Title სახელურ ფუძეთა ფონემატური სტრუქტურისა და ისტორიის საკითხები ქართულში
245 ## - TITLE STATEMENT
Statement of responsibility, etc. რედ.: თ. უთურგაიძე
260 ## - PUBLICATION, DISTRIBUTION, ETC.
Place of publication, distribution, etc. თბილისი
260 ## - PUBLICATION, DISTRIBUTION, ETC.
Name of publisher, distributor, etc. თბილ. უნ-ტის გამ-ბა,
260 ## - PUBLICATION, DISTRIBUTION, ETC.
Date of publication, distribution, etc. 1980
300 ## - PHYSICAL DESCRIPTION
Extent 232გვ, 22სმ.
300 ## - PHYSICAL DESCRIPTION
Other physical details დამუშავების წყაროების სია და შემოკლებანი გვ.228-231.
653 ## - INDEX TERM--UNCONTROLLED
Uncontrolled term ქართული ენა
653 ## - INDEX TERM--UNCONTROLLED
Uncontrolled term ქართული ენის ფონეტიკა;
942 ## - ADDED ENTRY ELEMENTS (KOHA)
Koha item type წიგნი
ეგზემპლარები
Withdrawn status Lost status Damaged status Not for loan Date acquired Barcode Date last seen Price effective from Koha item type
        2018-12-17 48429 2018-12-17 2018-12-17 წიგნი
        2018-12-17 48430 2018-12-17 2018-12-17 წიგნი
        2018-12-17 48431 2018-12-17 2018-12-17 წიგნი
        2018-12-17 48432 2018-12-17 2018-12-17 წიგნი
        2018-12-17 48433 2018-12-17 2018-12-17 წიგნი
        2018-12-17 48434 2018-12-17 2018-12-17 წიგნი